| 000 | 00712nam a22002654a 4500 | ||
|---|---|---|---|
| 001 | UByD003979 | ||
| 003 | AR-LpoUNG | ||
| 005 | 20260114170359.0 | ||
| 008 | 250512s200u||||ag a bf 000|1 spa d | ||
| 040 |
_aAR-LpoUNG _bspa _cAR-LpoUNG _eaacr |
||
| 041 | 0 | _aspa | |
| 044 | _aag | ||
| 082 | 0 | _a808.068 3 454rat | |
| 100 | 1 | _aPerrault, Charles | |
| 245 | 1 | 3 | _aLa ratita presumida |
| 260 |
_as.l. : _bs.n, _c200?. |
||
| 300 |
_a[21] h. : _ben braille |
||
| 505 | 0 | _aImpreso en braille. | |
| 505 | 0 | _aIlustraciones en relieve. | |
| 650 | 4 | _aLiteratura | |
| 650 | 4 | _aCuentos | |
| 653 | 0 | _aLiteratura infantil | |
| 942 |
_cLIB _2ddc |
||
| 999 |
_c66694 _d66694 |
||